| 000 | 00803nam a22002655i 4500 | ||
|---|---|---|---|
| 001 | SSB064126 | ||
| 003 | SISC | ||
| 005 | 20170118152307.0 | ||
| 008 | 130605s2014 cau 000 0 eng | ||
| 010 | _a2013942196 | ||
| 020 | _a9781446257227 (pbk.) | ||
| 040 |
_aDLC _beng _erda _cDLC |
||
| 042 | _apcc | ||
| 050 | 0 | 0 |
_aHD 30.4 _b.J721 2014 |
| 100 | 1 | _aJones, Matthew. | |
| 245 | 1 | 0 |
_aResearching organisations : _bthe practice of organisational fieldwork / _cMatthew Jones. |
| 250 | _a1st edition. | ||
| 260 |
_aLondon : _bSAGE Publication Ltd., _c2014. |
||
| 263 | _a1401. | ||
| 300 |
_axiii, 221 pages ; _c24 cm. |
||
| 504 | _aIncludes bibliographical references and index. | ||
| 521 | _aBusiness Administration | ||
| 650 |
_aOrganization _xResearch _xMethodology. |
||
| 942 |
_2lcc _cBK _kFOR |
||
| 999 |
_c275913 _d275913 |
||